Մատենագրութիւնք / (Record no. 174717)
[ view plain ]
| 000 -LEADER | |
|---|---|
| fixed length control field | 00958nam a2200253 a 4500 |
| 003 - CONTROL NUMBER IDENTIFIER | |
| control field | AM-YeHGA |
| 040 ## - CATALOGING SOURCE | |
| Original cataloging agency | AM-YeHGA |
| 090 ## - LOCALLY ASSIGNED LC-TYPE CALL NUMBER (OCLC); LOCAL CALL NUMBER (RLIN) | |
| -- | 176159 |
| 001 - CONTROL NUMBER | |
| control field | 000476576 |
| 005 - DATE AND TIME OF LATEST TRANSACTION | |
| control field | 20250618072547.0 |
| 008 - FIXED-LENGTH DATA ELEMENTS--GENERAL INFORMATION | |
| fixed length control field | 060223s1905 ai 000 | arm d |
| 041 0# - LANGUAGE CODE | |
| Language code of text/sound track or separate title | arm |
| 100 0# - MAIN ENTRY--PERSONAL NAME | |
| Personal name | Գրիգոր Նարեկացի, |
| Dates associated with a name | 940-1003 |
| 9 (RLIN) | 1557 |
| 245 10 - TITLE STATEMENT | |
| Title | Մատենագրութիւնք / |
| Statement of responsibility, etc. | Գրիգոր Նարեկացի; Հրատ.՝ Յ. Քրիստափորեան. |
| 246 15 - VARYING FORM OF TITLE | |
| Title proper/short title | Գրիգորի Նարեկայ վանից վանականի Մատեան Ողբերգության |
| 246 18 - VARYING FORM OF TITLE | |
| Title proper/short title | Նարեկ |
| 260 ## - PUBLICATION, DISTRIBUTION, ETC. | |
| Place of publication, distribution, etc. | Տփխիս : |
| Name of publisher, distributor, etc. | տպ. Է.Ի. Խելաձէի, |
| Date of publication, distribution, etc. | 1905. |
| 300 ## - PHYSICAL DESCRIPTION | |
| Extent | 396, (Ա-Ժ) էջ : |
| Other physical details | դիմանկ. ; |
| Dimensions | 21 սմ. |
| 440 #0 - SERIES STATEMENT/ADDED ENTRY--TITLE | |
| Title | Մատենագրութիւնք նախնեաց |
| 9 (RLIN) | 4493 |
| 504 ## - BIBLIOGRAPHY, ETC. NOTE | |
| Bibliography, etc. note | Բառարան էջ՝ (Ա-Ժ) |
| 650 14 - SUBJECT ADDED ENTRY--TOPICAL TERM | |
| Topical term or geographic name entry element | Աղոթքներ |
| 9 (RLIN) | 4398 |
| 700 1# - ADDED ENTRY--PERSONAL NAME | |
| Personal name | Քրիստափորեան, Յարութիւն |
| Relator term | հրատ. |
| Relationship | pbl |
| 942 ## - ADDED ENTRY ELEMENTS (KOHA) | |
| Source of classification or shelving scheme | Universal Decimal Classification |
| Koha item type | Գրքեր / Books |
| Withdrawn status | Lost status | Damaged status | Not for loan | Collection | Home library | Current library | Date acquired | Total checkouts | Full call number | Barcode | Date last seen | Price effective from | Koha item type | Public note |
|---|---|---|---|---|---|---|---|---|---|---|---|---|---|---|
| General | Fundamental Scientific Library | Fundamental Scientific Library | 28/12/2016 | AII/27225 | 220027225 | 28/12/2016 | 28/12/2016 | Գրքեր / Books | 30 Days Loan | |||||
| General | Fundamental Scientific Library | Fundamental Scientific Library | 28/12/2016 | AII/27226 | 220027226 | 28/12/2016 | 28/12/2016 | Գրքեր / Books | 30 Days Loan | |||||
| General | Fundamental Scientific Library | Fundamental Scientific Library | 28/12/2016 | AII/27227 | 220027227 | 28/12/2016 | 28/12/2016 | Գրքեր / Books | 30 Days Loan | |||||
| General | Fundamental Scientific Library | Fundamental Scientific Library | 28/12/2016 | AII/2916 | FL0027294 | 28/12/2016 | 28/12/2016 | Գրքեր / Books | 30 Days Loan | |||||
| Kusikian Individual Collection | Fundamental Scientific Library | Fundamental Scientific Library | 11/02/2021 | Կուս/2141 | FL0638376 | 11/02/2021 | 11/02/2021 | Գրքեր / Books | ILL Non Circ |
ՀՀ Գիտությունների ազգային ակադեմիայի հիմնարար գիտական գրադարան = Fundamental Scientific Library of NAS RA
All site content, except where otherwise noted, is licensed under a